000
002850000a22001450004500
003
MACL
040
_a
MACL
090
_c
3168
_d
3168
100
_a
Mascaro, Juan
245
_a
The Upanishads
260
_b
Penguin Books
_c
1994
350
_a
95
650
_a
Religion
942
_c
BOOK
_k
294
999
_c
3146
_d
3146